| 000 | 00654nam a22002057a 4500 | ||
|---|---|---|---|
| 999 |
_c196477 _d196477 |
||
| 005 | 20230627155956.0 | ||
| 010 | _aENG-1371781 | ||
| 020 |
_a978939311116 _c730.00 |
||
| 035 | _aEN-120713 | ||
| 037 | _bDBAD/PUB | ||
| 082 | _a621.37 | ||
| 100 | _aVaigundamoorthi,M | ||
| 245 |
_aElectrical Measurements and Instrumentation/ _cby Manoj, Daniel |
||
| 260 |
_aHyderabad _bS International Publishers,Hyderbad _c2022 |
||
| 270 |
_a#326/C,Level -4, Near B K Guda Park, S R Nagar _bHyderbad _e500038 |
||
| 300 |
_axiv, 290p.; _c24cm(pbk) |
||
| 700 | _aManoj, Daniel N. | ||
| 700 | _aChandraiah, Bala G. | ||
| 942 |
_2ddc _cEN _mVAI _h621.37 |
||